00629nam a22001697a 4500003000400000005001700004008004100021040000800062041001200070082001200082100004400094245017300138260003600311300003600347504004600383651003000429OSt20251221153251.0251221b |||||||| |||| 00| 0 eng d cDCL aEnglish a959.1021 aPhayre, Arthur Purves, Sir, d1812-188510aHistory of Burma:b including Burma proper, Pegu, Taungu, Tenasserim, and Arakan, from the earliest time to the first war with British India /cby Sir Arthur P. Phayre. aLondon :bSusil Gupta, c[n.d]. axii,311 pages :bmaps ;c20 cm. aIncludes bibliographical notes and index. aMyanmarvHistoryzTo 1824